000 00197 a2200097 4500
020 _a9789568827083
041 _aspa
100 _aHarvard Business
245 _aComo Hacer Prestaciones
942 _cBK
999 _c14685
_d14685